[Event "I Miedzynarodowy Festiwal Szachowy "Puchar Baltyku" - Open A"]
[Site "Darlowko"]
[Date "1899-12-30"]
[Round "2.13"]
[White "Olechnicka, Karolina"]
[Black "Kucza, Karol"]
[Result "0-1"]
[WhiteTitle "k++"]
[BlackTitle "FM"]
[WhiteElo "1931"]
[BlackElo "2278"]

1. e4 e5 2. Nf3 Nc6 3. d4 exd4 4. Bc4 Nf6 5. O-O Nxe4 6. Re1 d5 7. Bb5 Bc5 8. Nxd4
O-O 9. Be3 Nxd4 10. Bxd4 Bxd4 11. Qxd4 Qf6 12. Qxf6 Nxf6 13. Nc3 Bf5 14. Re7 c6
15. Bd3 Bd7 16. f3 Rfe8 17. Rae1 Kf8 18. R7e2 Rxe2 19. Rxe2 Re8 20. g4 h6 21.
Kf2 Rxe2+ 22. Nxe2 Ke7 23. h4 Kd6 24. Ke3 c5 25. c3 g5 26. hxg5 hxg5 27. Ng3 Ke5
28. Ne2 d4+ 29. Kf2 Nd5 30. cxd4+ cxd4 31. Be4 b6 32. Nc1 Nf4 33. Ke1 Bxg4 0-1

[Event "I Miedzynarodowy Festiwal Szachowy "Puchar Baltyku" - Open A"]
[Site "Darlowko"]
[Date "1899-12-30"]
[Round "4.1"]
[White "Simantsev, Mikhail"]
[Black "Kanarek, Marcel"]
[Result "1/2-1/2"]
[WhiteTitle "GM"]
[BlackTitle "GM"]
[WhiteElo "2486"]
[BlackElo "2530"]

1. d4 Nf6 2. c4 g6 3. Nc3 Bg7 4. e4 d6 5. Nf3 O-O 6. h3 e5 7. d5 Nh5 8. g3 f5 9.
exf5 gxf5 10. Ng5 Qe8 11. Be2 Nf6 12. Qc2 Na6 13. Be3 Nb4 14. Qb3 a5 15. a3 Na6
16. O-O-O b6 17. Qc2 h6 18. Nf3 Nc5 19. Nh4 a4 20. Rhg1 Nb3+ 21. Kb1 Bd7 22. Bd3
e4 23. Be2 Nh7 24. Ng2 Ng5 25. Nf4 Nf3 26. Bxf3 exf3 27. Rge1 Qf7 28. Nb5 Bxb5
29. cxb5 Ra5 30. Qc4 Qf6 31. Bd4 Nxd4 32. Nh5 Qg6 33. Nxg7 f4+ 34. Ka2 Qxg7 35.
Rxd4 Rxb5 36. gxf4 Rc5 37. Qd3 Kh8 38. Rxa4 Qh7 39. Qxf3 Qf5 40. Rd4 Rf7 41. Re8+
Kh7 42. Qg4 Qxg4 43. hxg4 h5 44. f3 Rc1 45. f5 Rg1 46. Rde4 h4 47. R4e7 Rxe7 48.
Rxe7+ Kh6 49. f6 h3 50. Re8 Kg6 51. Rh8 Rg3 52. g5 Rxg5 53. Rxh3 Rxd5 54. f4 Kxf6
55. Rc3 c5 56. Rb3 Rf5 57. Rxb6 Ke6 58. b4 Kd5 59. bxc5 Ke5 1/2-1/2

[Event "I Miedzynarodowy Festiwal Szachowy "Puchar Baltyku" - Open A"]
[Site "Darlowko"]
[Date "1899-12-30"]
[Round "4.2"]
[White "Goluch, Piotr"]
[Black "Shishkin, Vadim"]
[Result "1/2-1/2"]
[WhiteTitle "FM"]
[BlackTitle "GM"]
[WhiteElo "2252"]
[BlackElo "2454"]

1. d4 Nf6 2. c4 g6 3. g3 c6 4. Bg2 d5 5. cxd5 cxd5 6. Nc3 Bg7 7. Nf3 Ne4 8. O-O
Nc6 9. Qb3 O-O 10. e3 Nxc3 11. bxc3 e6 12. Ba3 Re8 13. Nd2 Na5 14. Qb5 Bd7 15.
Qb2 Qb6 16. Rab1 Qxb2 17. Rxb2 Rac8 18. Bb4 Nc6 19. Ba3 Na5 20. Bb4 Nc6 21. Ba3
Na5 22. Bb4 1/2-1/2

[Event "I Miedzynarodowy Festiwal Szachowy "Puchar Baltyku" - Open A"]
[Site "Darlowko"]
[Date "1899-12-30"]
[Round "4.3"]
[White "Lewtak, Damian"]
[Black "Kosakowski, Jakub"]
[Result "1/2-1/2"]
[WhiteTitle "m"]
[BlackTitle "FM"]
[WhiteElo "2344"]
[BlackElo "2366"]

1. c4 g6 2. g3 Bg7 3. Bg2 Nf6 4. d4 O-O 5. Nc3 d6 6. Nf3 Nc6 7. O-O Rb8 8. b3 a6
9. Bb2 b5 10. d5 Na5 11. Nd4 Bd7 12. cxb5 axb5 13. Qd2 b4 14. Nd1 e6 15. e4 e5
16. Nc2 c5 17. dxc6 Bxc6 18. Nxb4 Bxe4 19. Nd5 Bxg2 20. Kxg2 Nc6 21. Nxf6+ Bxf6
22. Ne3 Rb5 23. Qe2 1/2-1/2

[Event "I Miedzynarodowy Festiwal Szachowy "Puchar Baltyku" - Open A"]
[Site "Darlowko"]
[Date "1899-12-30"]
[Round "4.4"]
[White "Nurkiewicz, Maciej"]
[Black "Zaleski, Lukasz"]
[Result "1/2-1/2"]
[WhiteTitle "m"]
[BlackTitle "k"]
[WhiteElo "2373"]
[BlackElo "2220"]

1. e4 e5 2. Nf3 Nc6 3. Bc4 Nf6 4. d3 Be7 5. O-O O-O 6. c3 d6 7. Re1 Bg4 8. Nbd2
Nd7 9. h3 Bh5 10. Nf1 Nc5 11. Ng3 Bxf3 12. Qxf3 Bg5 13. b4 Bxc1 14. Raxc1 Ne6
15. Nf5 Qf6 16. Qg4 Ne7 17. Nxe7+ Qxe7 18. Rcd1 a5 19. b5 Nc5 20. d4 1/2-1/2

[Event "I Miedzynarodowy Festiwal Szachowy "Puchar Baltyku" - Open A"]
[Site "Darlowko"]
[Date "1899-12-30"]
[Round "4.5"]
[White "Kucza, Karol"]
[Black "Lis, Mateusz"]
[Result "1-0"]
[WhiteTitle "FM"]
[BlackTitle "I++"]
[WhiteElo "2278"]
[BlackElo "2139"]

1. e4 c5 2. Nf3 e6 3. d4 cxd4 4. Nxd4 a6 5. Bd3 Nf6 6. O-O Qc7 7. Qe2 d6 8. f4
g6 9. Nc3 Bg7 10. e5 dxe5 11. Ndb5 axb5 12. Nxb5 Qe7 13. fxe5 O-O 14. exf6 Bxf6
15. c3 Nc6 16. Qf2 Bg7 17. Be3 Ne5 18. Bc5 Qd7 19. Be2 Re8 20. Rad1 Qc6 21. Rd6
Qe4 22. Nc7 Bd7 23. Rxd7 Nxd7 24. Qxf7+ Kh8 25. Nxe8 1-0

[Event "I Miedzynarodowy Festiwal Szachowy "Puchar Baltyku" - Open A"]
[Site "Darlowko"]
[Date "1899-12-30"]
[Round "4.6"]
[White "Sliwicka, Alicja"]
[Black "Szpar, Milosz"]
[Result "1-0"]
[WhiteTitle "WFM"]
[BlackTitle "k"]
[WhiteElo "2164"]
[BlackElo "2241"]

1. e4 c5 2. Nf3 g6 3. d4 cxd4 4. Qxd4 Nf6 5. e5 Nc6 6. Qa4 Nd5 7. Qe4 Nc7 8. Nc3
Bg7 9. Bf4 Ne6 10. Bc4 O-O 11. O-O-O Rb8 12. Bxe6 fxe6 13. h4 b5 14. h5 Bb7 15.
hxg6 Nxe5 16. gxh7+ Kh8 17. Qe3 Nc4 18. Ne5 Qe8 19. Nxc4 bxc4 20. Bxb8 Qxb8 21.
Rxd7 Bxg2 22. Re1 Rf3 23. Qxe6 Kxh7 24. Qxe7 Qf4+ 25. Kb1 Qh6 26. Qe4+ 1-0

[Event "I Miedzynarodowy Festiwal Szachowy "Puchar Baltyku" - Open A"]
[Site "Darlowko"]
[Date "1899-12-30"]
[Round "4.7"]
[White "Kowalski, Igor"]
[Black "Krainski, Slawomir"]
[Result "1/2-1/2"]
[WhiteTitle "k+"]
[BlackTitle "k"]
[WhiteElo "2232"]
[BlackElo "2113"]

1. d4 Nf6 2. c4 g6 3. Nc3 Bg7 4. e4 d6 5. Bd3 O-O 6. Nge2 e5 7. d5 Na6 8. Bc2 Nb4
9. Bb1 a5 10. O-O Nh5 11. a3 Na6 12. Bc2 f5 13. exf5 gxf5 14. f4 Qh4 15. g3 Qg4
16. fxe5 dxe5 17. Qd3 Bd7 18. Nd1 Nc5 19. Qd2 f4 20. Nf2 Qg5 21. Kh1 Qe7 22. gxf4
Nxf4 23. Nxf4 Rxf4 24. Qe2 Rh4 25. Ne4 Bg4 26. Qe1 Nxe4 27. Bxe4 Rf8 28. Be3 Rh3
29. Qd2 Rff3 30. Bxf3 Bxf3+ 31. Rxf3 Rxf3 32. Rg1 Kh8 33. c5 Qf7 34. d6 cxd6 35.
cxd6 Qd7 36. Bb6 Rf6 37. Bc7 a4 38. Qg2 Rg6 39. Qxb7 Rxg1+ 40. Kxg1 Qg4+ 41. Kf2
Qd4+ 42. Ke2 Qc4+ 43. Kd3 Qxd3 1/2-1/2

[Event "I Miedzynarodowy Festiwal Szachowy "Puchar Baltyku" - Open A"]
[Site "Darlowko"]
[Date "1899-12-30"]
[Round "4.8"]
[White "Kindler, Przemyslaw"]
[Black "Oglaza, Oskar"]
[Result "0-1"]
[WhiteTitle "k"]
[BlackTitle "k"]
[WhiteElo "2103"]
[BlackElo "2197"]

1. e4 c5 2. Nf3 d6 3. d3 Nc6 4. g3 g6 5. Bg2 Bg7 6. O-O e5 7. Be3 Nge7 8. Qd2 O-O
9. Nc3 b6 10. Nh4 Nd4 11. f4 exf4 12. gxf4 Nec6 13. Nf3 Bg4 14. Nd1 Qd7 15. c3
Nxf3+ 16. Bxf3 Bxf3 17. Rxf3 d5 18. Qg2 Rfe8 19. Nf2 d4 20. Bd2 c4 21. dxc4 dxc3
22. Bxc3 Bxc3 23. bxc3 Qe7 24. e5 f6 25. Re3 Qc5 26. Rae1 Rad8 27. Ne4 Qxc4 28.
Nxf6+ Kg7 29. Nxe8+ Rxe8 30. f5 Qc5 31. f6+ Kf7 32. Qh3 Nxe5 33. Qxh7+ Kxf6 34.
Kg2 Qd5+ 35. Kg3 Qc4 36. Rxe5 Qxc3+ 37. R1e3 Qxe3+ 38. Rxe3 Rxe3+ 39. Kf4 Ra3
40. Qd7 Ra5 41. h4 Rf5+ 42. Kg4 Ra5 43. a4 a6 44. Qd4+ Kf7 45. Qxb6 Rxa4+ 0-1

[Event "I Miedzynarodowy Festiwal Szachowy "Puchar Baltyku" - Open A"]
[Site "Darlowko"]
[Date "1899-12-30"]
[Round "4.9"]
[White "Chomczyk, Marek"]
[Black "Luba, Lukasz"]
[Result "1/2-1/2"]
[WhiteTitle "k+"]
[BlackTitle "I"]
[WhiteElo "2174"]
[BlackElo "2101"]

1. e4 e6 2. d4 d5 3. exd5 exd5 4. c4 Nc6 5. Nc3 Be6 6. c5 Be7 7. Bf4 Bf6 8. Bb5
Nge7 9. Nge2 Qd7 10. O-O h5 11. Be5 Nf5 12. Bxf6 gxf6 13. Nf4 O-O-O 14. Bxc6 Qxc6
15. b4 Qa6 16. b5 Qa5 17. Qd3 Rhg8 18. Nce2 Rg4 19. h3 Rg5 20. Ng3 Nxg3 21. Nxe6
fxe6 22. fxg3 f5 23. Rae1 Rg6 24. Re3 Rdg8 25. Rxf5 exf5 26. Qxf5+ Kd8 27. Qxd5+
Kc8 28. Qf5+ Kd8 29. Qd5+ 1/2-1/2

[Event "I Miedzynarodowy Festiwal Szachowy "Puchar Baltyku" - Open A"]
[Site "Darlowko"]
[Date "1899-12-30"]
[Round "4.10"]
[White "Baum, Jonasz"]
[Black "Krainski, Aleksander"]
[Result "1/2-1/2"]
[WhiteTitle "k+"]
[BlackTitle "FM"]
[WhiteElo "2085"]
[BlackElo "2172"]

1. e4 c6 2. d4 d5 3. Nc3 dxe4 4. Nxe4 Nd7 5. Bc4 Ngf6 6. Nxf6+ Nxf6 7. c3 Qc7 8.
Qb3 e6 9. Nf3 Be7 10. O-O O-O 11. Bg5 c5 12. Rfd1 cxd4 13. cxd4 Bd7 14. Rac1 Qb6
15. Ne5 Rfd8 16. Qh3 Be8 17. Bd3 h6 18. Bxh6 gxh6 19. Qxh6 Rxd4 20. Qg5+ Kf8 21.
Qh6+ Kg8 22. Qg5+ Kf8 1/2-1/2

[Event "I Miedzynarodowy Festiwal Szachowy "Puchar Baltyku" - Open A"]
[Site "Darlowko"]
[Date "1899-12-30"]
[Round "4.11"]
[White "Llaneza Vega, Marcos"]
[Black "Antolak, Julia"]
[Result "1-0"]
[WhiteTitle "IM"]
[BlackTitle "WFM"]
[WhiteElo "2424"]
[BlackElo "2144"]

1. e4 c5 2. Nf3 Nc6 3. Bb5 d6 4. O-O Bd7 5. Re1 Nf6 6. c3 a6 7. Ba4 b5 8. Bb3 c4
9. Bc2 e6 10. b3 Be7 11. Qe2 cxb3 12. axb3 O-O 13. d4 d5 14. Nbd2 dxe4 15. Nxe4
Nd5 16. c4 Ndb4 17. Bb1 f5 18. Ng3 Bf6 19. Bb2 bxc4 20. bxc4 Qb6 21. Nh5 Be7 22.
d5 exd5 23. cxd5 Nxd5 24. Ba2 Qc5 25. Ba3 1-0

[Event "I Miedzynarodowy Festiwal Szachowy "Puchar Baltyku" - Open A"]
[Site "Darlowko"]
[Date "1899-12-30"]
[Round "4.12"]
[White "Karpus, Michal"]
[Black "Garbowski, Jakub"]
[Result "1/2-1/2"]
[WhiteTitle "FM"]
[BlackTitle "k"]
[WhiteElo "2291"]
[BlackElo "2091"]

1. e4 e5 2. Nf3 Nc6 3. Bb5 a6 4. Ba4 Nf6 5. O-O Be7 6. Re1 b5 7. Bb3 d6 8. c3 O-O
9. h3 Nb8 10. d4 Nbd7 11. Nbd2 Bb7 12. Bc2 Re8 13. Nf1 Bf8 14. Ng3 g6 15. a4 c5
16. d5 c4 17. Bg5 Be7 18. Qd2 Nc5 19. Bh6 Nfd7 20. a5 Bc8 21. Rf1 Nb7 22. Nh2
Nxa5 23. f4 exf4 24. Qxf4 Ne5 25. Nf5 gxf5 26. Rxa5 Ng6 27. Qf3 f4 28. Raa1 Bg5
29. Qh5 Bxh6 30. Qxh6 Qf6 31. Nf3 Bd7 32. Nd4 Re5 33. Nf5 Bxf5 34. exf5 Rxf5 35.
Bxf5 Qxf5 36. Rae1 Kh8 1/2-1/2

[Event "I Miedzynarodowy Festiwal Szachowy "Puchar Baltyku" - Open A"]
[Site "Darlowko"]
[Date "1899-12-30"]
[Round "4.13"]
[White "Renkowski, Piotr"]
[Black "Walkusz, Witoslaw"]
[Result "1/2-1/2"]
[WhiteTitle "k"]
[BlackTitle "FM"]
[WhiteElo "2096"]
[BlackElo "2160"]

1. e4 e5 2. Nf3 Nc6 3. Bc4 Nf6 4. d3 Bc5 5. Nc3 d6 6. Bg5 h6 7. Bxf6 Qxf6 8. Nd5
Qd8 9. c3 a6 10. b4 Ba7 11. h3 O-O 12. O-O Ne7 13. Nxe7+ Qxe7 14. a4 Kh8 15. b5
axb5 16. axb5 Be6 17. Qb3 Bb6 18. Bxe6 Qxe6 19. Qxe6 fxe6 20. Rfb1 Kh7 21. Kf1
g5 22. Ke2 Kg6 23. d4 h5 24. Rxa8 Rxa8 25. dxe5 Ra2+ 26. Nd2 Bxf2 27. exd6 cxd6
28. Kd3 Bg3 29. b6 Bf4 30. Nc4 Rxg2 31. Na5 Rg3+ 32. Kc4 Rxh3 33. Nxb7 Re3 34.
Kd4 Rf3 35. Kc4 d5+ 36. exd5 exd5+ 37. Kxd5 Rxc3 38. Nc5 h4 39. b7 Bb8 40. Na6
Rd3+ 41. Ke4 Rd8 42. Nxb8 Rxb8 43. Kf3 1/2-1/2

[Event "I Miedzynarodowy Festiwal Szachowy "Puchar Baltyku" - Open A"]
[Site "Darlowko"]
[Date "1899-12-30"]
[Round "6.1"]
[White "Lewtak, Damian"]
[Black "Kanarek, Marcel"]
[Result "0-1"]
[WhiteTitle "m"]
[BlackTitle "GM"]
[WhiteElo "2344"]
[BlackElo "2530"]

1. d4 Nf6 2. Bf4 g6 3. Nc3 d5 4. e3 Bg7 5. h3 O-O 6. Nf3 c5 7. Be2 b6 8. O-O Bb7
9. Ne5 Nfd7 10. Bg3 Nxe5 11. dxe5 a6 12. f4 e6 13. Bf3 Nd7 14. Ne2 f6 15. exf6
Nxf6 16. Bh4 Qc7 17. g4 Ne4 18. Bxe4 dxe4 19. Rb1 Rf7 20. Qe1 Raf8 21. Qg3 h6
22. g5 h5 23. Rfd1 b5 24. Qe1 e5 25. Bg3 Bc8 26. Kh2 h4 27. Bxh4 exf4 28. Nxf4
Be5 29. Bg3 Rh7 30. h4 Bxf4 31. exf4 Rxf4 32. Rd8+ Qxd8 33. Bxf4 Bg4 34. Qxe4
Rxh4+ 35. Kg1 Bf5 36. Qe5 Qd4+ 37. Qxd4 cxd4 38. Rf1 Bxc2 39. Bd2 Rg4+ 40. Kf2
Bf5 41. Rc1 Be4 42. Rg1 Rh4 43. Kg3 Rh7 44. Re1 Bf5 45. Re8+ Kf7 46. Re5 Rh3+
47. Kg2 Rh4 48. Kg3 Rg4+ 49. Kf3 d3 50. a3 Rd4 51. Bb4 d2 52. Re7+ Kg8 53. Re8+
Kf7 54. Re7+ Kf8 0-1

[Event "I Miedzynarodowy Festiwal Szachowy "Puchar Baltyku" - Open A"]
[Site "Darlowko"]
[Date "1899-12-30"]
[Round "6.2"]
[White "Simantsev, Mikhail"]
[Black "Goluch, Piotr"]
[Result "0-1"]
[WhiteTitle "GM"]
[BlackTitle "FM"]
[WhiteElo "2486"]
[BlackElo "2252"]

1. d4 d5 2. c4 e6 3. cxd5 exd5 4. Nc3 Be7 5. Bf4 Nf6 6. e3 O-O 7. Bd3 b6 8. Nf3
c5 9. dxc5 bxc5 10. O-O Nc6 11. Rc1 Be6 12. Bb5 Qb6 13. Qa4 Na5 14. Rfd1 Rfd8
15. h3 Rac8 16. Ng5 c4 17. Qc2 a6 18. Ba4 Nc6 19. Bxc6 Qxc6 20. Be5 g6 21. Nxe6
fxe6 22. Na4 Nd7 23. Bc3 Nb6 24. Nxb6 Qxb6 25. Qe2 Rf8 26. Qg4 Bf6 27. Rc2 Bxc3
28. bxc3 Rf6 29. e4 Rcf8 30. exd5 Rxf2 31. Rxf2 Qxf2+ 32. Kh1 exd5 33. Qe6+ Kg7
34. Qxd5 Qe2 35. Qd4+ Kg8 36. Qd5+ Kg7 37. Qd4+ Kg8 38. Rd2 Qe1+ 39. Kh2 Rf1 40.
Qxc4+ Kg7 41. Rd7+ Kh6 0-1

[Event "I Miedzynarodowy Festiwal Szachowy "Puchar Baltyku" - Open A"]
[Site "Darlowko"]
[Date "1899-12-30"]
[Round "6.3"]
[White "Kucza, Karol"]
[Black "Shishkin, Vadim"]
[Result "1/2-1/2"]
[WhiteTitle "FM"]
[BlackTitle "GM"]
[WhiteElo "2278"]
[BlackElo "2454"]

1. e4 c5 2. Nf3 Nc6 3. d4 cxd4 4. Nxd4 e6 5. Nc3 Qc7 6. Be3 a6 7. Qd2 Nf6 8. O-O-O
Be7 9. f3 b5 10. Nxc6 dxc6 11. g4 e5 12. g5 Nh5 13. Qf2 O-O 14. h4 f5 15. Bh3
g6 16. exf5 Bxf5 17. Bxf5 Rxf5 18. Rd3 Raf8 19. Bb6 Qc8 20. Rhd1 Qe6 21. Bc5 Bxc5
22. Qxc5 e4 23. Qe3 Rxf3 24. Qxe4 Qxe4 25. Nxe4 Rxd3 26. Rxd3 Rf4 27. Nc5 Rxh4
28. Rd8+ Kf7 29. Rd7+ Ke8 30. Rxh7 Rg4 31. Nxa6 Nf4 32. Nb8 c5 33. Rb7 b4 34.
a4 bxa3 35. bxa3 Rxg5 36. a4 c4 37. Kd2 Ra5 38. Ke3 g5 39. Ke4 1/2-1/2

[Event "I Miedzynarodowy Festiwal Szachowy "Puchar Baltyku" - Open A"]
[Site "Darlowko"]
[Date "1899-12-30"]
[Round "6.4"]
[White "Llaneza Vega, Marcos"]
[Black "Kosakowski, Jakub"]
[Result "0-1"]
[WhiteTitle "IM"]
[BlackTitle "FM"]
[WhiteElo "2424"]
[BlackElo "2366"]

1. e4 c5 2. Nc3 Nc6 3. Nf3 Nf6 4. Bb5 d6 5. O-O Bd7 6. Re1 e5 7. Nd5 Nxd5 8. exd5
Ne7 9. Bxd7+ Qxd7 10. c3 Nxd5 11. d4 f6 12. Qb3 Ne7 13. dxe5 dxe5 14. Be3 Qc6
15. Rad1 c4 16. Qc2 Nd5 17. Bg5 Be7 18. Nxe5 fxe5 19. Rxe5 Rd8 20. Qe2 O-O 21.
Bxe7 Nf4 0-1

[Event "I Miedzynarodowy Festiwal Szachowy "Puchar Baltyku" - Open A"]
[Site "Darlowko"]
[Date "1899-12-30"]
[Round "6.5"]
[White "Kowalski, Igor"]
[Black "Nurkiewicz, Maciej"]
[Result "1/2-1/2"]
[WhiteTitle "k+"]
[BlackTitle "m"]
[WhiteElo "2232"]
[BlackElo "2373"]

1. c4 Nf6 2. Nc3 g6 3. e4 d6 4. d4 Bg7 5. Bd3 O-O 6. Nge2 e5 7. d5 Nh5 8. O-O f5
9. exf5 gxf5 10. f4 e4 11. Bc2 Nf6 12. h3 c5 13. dxc6 bxc6 14. b3 Qb6+ 15. Kh1
Rd8 16. Na4 Qc7 17. Bb2 Kh8 18. Qe1 Na6 19. Rd1 Be6 20. Nd4 Bd7 21. Bc3 Re8 22.
Qh4 Rf8 23. Ne2 c5 24. Ng3 Nb4 25. Bb1 Nc6 26. Ne2 Be6 27. Rd2 Rad8 28. Rfd1 Ne7
29. Qf2 Rd7 30. Ng3 Rc8 31. Bxf6 Bxf6 32. Nh5 Rf8 33. Nxf6 Rxf6 34. Nc3 a6 35.
Bxe4 fxe4 36. Nxe4 Rg6 37. Rxd6 Rxd6 38. Rxd6 Nf5 39. Rxa6 Nd4 40. Ra8+ Kg7 41.
Qh4 Bf5 42. Ng3 Qd7 43. Kh2 Nf3+ 44. gxf3 Qd2+ 45. Kh1 Qe1+ 46. Kg2 Qd2+ 47. Kg1
Qe3+ 48. Kg2 1/2-1/2

[Event "I Miedzynarodowy Festiwal Szachowy "Puchar Baltyku" - Open A"]
[Site "Darlowko"]
[Date "1899-12-30"]
[Round "6.6"]
[White "Karpus, Michal"]
[Black "Walkusz, Witoslaw"]
[Result "1/2-1/2"]
[WhiteTitle "FM"]
[BlackTitle "FM"]
[WhiteElo "2291"]
[BlackElo "2160"]

1. e4 e5 2. Nf3 Nc6 3. Bb5 a6 4. Ba4 Nf6 5. O-O b5 6. Bb3 Be7 7. Re1 d6 8. c3 O-O
9. d4 Bg4 10. Be3 Na5 11. Bc2 Nc4 12. Bc1 Nd7 13. b3 Ncb6 14. Nbd2 b4 15. h3 Bxf3
16. Nxf3 c5 17. dxc5 dxc5 18. Bb2 Qb8 19. Qe2 a5 20. Rad1 Rc8 21. Bd3 c4 22. Bxc4
Nxc4 23. bxc4 Ra7 24. cxb4 Bxb4 25. Rf1 f6 26. Rb1 Nb6 27. a3 Bc5 28. Nd2 Na4
29. Bd4 Rb7 30. Rxb7 Qxb7 31. Bxc5 Nxc5 32. Rb1 Qd7 33. Qe3 a4 34. Rc1 Qd6 35.
Rc2 Nb3 36. c5 Rxc5 37. Rxc5 Qxc5 38. Qxc5 1/2-1/2

[Event "I Miedzynarodowy Festiwal Szachowy "Puchar Baltyku" - Open A"]
[Site "Darlowko"]
[Date "1899-12-30"]
[Round "6.7"]
[White "Chomczyk, Marek"]
[Black "Szpar, Milosz"]
[Result "1/2-1/2"]
[WhiteTitle "k+"]
[BlackTitle "k"]
[WhiteElo "2174"]
[BlackElo "2241"]

1. e4 d6 2. d4 Nf6 3. Nc3 e5 4. Nf3 Nbd7 5. h3 Be7 6. Be3 O-O 7. Qd2 c6 8. g4 exd4
9. Nxd4 d5 10. exd5 Nxd5 11. Nxd5 cxd5 12. O-O-O Nb6 13. Qa5 Bd7 14. Bg2 Rc8 15.
Kb1 Qc7 16. Rc1 Bc5 17. Rhe1 Qh2 18. Bf1 Rfd8 19. Nf3 Qd6 20. Bxc5 Rxc5 21. Qd2
Bb5 22. Bg2 d4 23. Re4 Rd5 24. Bf1 Bxf1 25. Rxf1 g6 26. Rfe1 Kg7 27. Qf4 Qxf4
28. Rxf4 R8d7 29. Rd1 d3 30. Rxd3 Rxd3 31. cxd3 Nd5 32. Rd4 Kf6 33. a3 h6 34.
Kc2 Ke6 35. Kd2 f5 36. Nh4 fxg4 37. hxg4 Rf7 38. Re4+ Kd6 39. Nxg6 Rxf2+ 40. Re2
Rf6 41. Nh4 h5 42. g5 Rf4 43. Ng6 Rg4 44. Ne5 Rg3 45. Nf7+ Kd7 46. Rh2 Ke7 47.
Rxh5 Rg2+ 48. Kd1 Ne3+ 49. Kc1 Kxf7 50. Rh7+ Ke6 51. Rxb7 Rxg5 52. Rxa7 Kd6 53.
Ra6+ Kc7 54. Re6 Nf5 55. Kd2 Nd4 56. Re4 Nc6 57. b4 Rg2+ 58. Kc3 Ra2 59. Kb3 Rd2
60. Re3 Rd1 61. Kc4 Rc1+ 62. Kd5 Ra1 63. d4 Rd1 64. Re4 Rd3 65. b5 Nxd4 1/2-1/2

[Event "I Miedzynarodowy Festiwal Szachowy "Puchar Baltyku" - Open A"]
[Site "Darlowko"]
[Date "1899-12-30"]
[Round "6.8"]
[White "Sliwicka, Alicja"]
[Black "Zaleski, Lukasz"]
[Result "1/2-1/2"]
[WhiteTitle "WFM"]
[BlackTitle "k"]
[WhiteElo "2164"]
[BlackElo "2220"]

1. e4 e5 2. Nf3 Nc6 3. d4 exd4 4. Nxd4 Bc5 5. Nb3 Bb6 6. a4 a6 7. Nc3 Nf6 8. Bg5
h6 9. Bh4 d6 10. Bd3 Be6 11. O-O Ne5 12. Nd5 Bxd5 13. exd5 O-O 14. a5 Ba7 15.
Re1 Ng6 16. Bg3 Qd7 17. h3 Rae8 18. Qd2 Rxe1+ 19. Rxe1 Re8 20. Rxe8+ Qxe8 21.
Qb4 Qc8 22. Qd2 Qe8 23. Qb4 1/2-1/2

[Event "I Miedzynarodowy Festiwal Szachowy "Puchar Baltyku" - Open A"]
[Site "Darlowko"]
[Date "1899-12-30"]
[Round "6.9"]
[White "Renkowski, Piotr"]
[Black "Oglaza, Oskar"]
[Result "1/2-1/2"]
[WhiteTitle "k"]
[BlackTitle "k"]
[WhiteElo "2096"]
[BlackElo "2197"]

1. e4 c5 2. c3 d5 3. exd5 Qxd5 4. d4 Nf6 5. Nf3 Bg4 6. Be2 e6 7. h3 Bh5 8. O-O
Be7 9. Be3 cxd4 10. cxd4 Nc6 11. Nc3 Qd6 12. a3 O-O 13. Qb3 a6 14. Rfd1 Rfd8 15.
Rac1 b5 16. Qa2 b4 17. Na4 Nd5 18. Nc5 Rdb8 19. Ne4 Qd7 20. Ne5 Nxe5 21. Bxh5
Nc6 22. Nc5 Qd6 23. Bf3 bxa3 24. bxa3 Ra7 25. Ne4 Qd7 26. Nc5 Qd6 27. Ne4 Qd7
28. Nc3 Nxe3 29. fxe3 Bg5 30. Re1 Nxd4 31. exd4 Bxc1 32. Rxc1 Qxd4+ 33. Kh1 Rc7
34. Ne2 Rxc1+ 35. Nxc1 Rb2 36. Qa1 Qb6 37. a4 Qb4 38. Kh2 Rb1 39. Nd3 Qd6+ 40.
Qe5 Qxd3 41. Be4 Qd1 42. Bxb1 Qxb1 43. Qd6 g6 44. Qxa6 Qb8+ 45. Kg1 Qb1+ 46. Kh2
Qb8+ 47. Kg1 Qb1+ 48. Kf2 Qc2+ 49. Kg1 e5 50. Qb5 Qc1+ 51. Kf2 Qf4+ 52. Ke2 Qe4+
53. Kf2 Qf4+ 54. Ke2 Qe4+ 55. Kf2 Qf4+ 1/2-1/2

[Event "I Miedzynarodowy Festiwal Szachowy "Puchar Baltyku" - Open A"]
[Site "Darlowko"]
[Date "1899-12-30"]
[Round "6.10"]
[White "Baum, Jonasz"]
[Black "Budrewicz, Krzysztof"]
[Result "0-1"]
[WhiteTitle "k+"]
[BlackTitle "m"]
[WhiteElo "2085"]
[BlackElo "2190"]

1. e4 g6 2. d4 Bg7 3. Nc3 d6 4. Be3 Nf6 5. f3 O-O 6. Qd2 e5 7. d5 c5 8. Nge2 a6
9. g4 b5 10. Ng3 Nbd7 11. Bh6 Bxh6 12. Qxh6 Ne8 13. g5 Qe7 14. h4 f6 15. h5 Qg7
16. hxg6 hxg6 17. Qh2 fxg5 18. Be2 Rf4 19. O-O-O Ndf6 20. Rdg1 Nh7 21. Nd1 Nef6
22. Ne3 Rh4 23. Qf2 Rxh1 24. Rxh1 Bd7 25. Qe1 Rf8 26. Qa5 Bc8 27. a4 bxa4 28.
Qxa4 g4 29. fxg4 Ng5 30. Bd3 Qd7 31. Qa5 Nxg4 32. Qd2 Nxe3 33. Qxe3 Qg4 34. Nf5
gxf5 35. Rg1 Qf4 36. Qxf4 exf4 37. Rxg5+ Kf7 38. exf5 Kf6 39. Rh5 Ke5 40. c4 f3
41. Kd2 Kf4 42. Rh6 Bxf5 43. Rxd6 Bxd3 44. Kxd3 f2 45. Kd4 Ke5+ 0-1

[Event "I Miedzynarodowy Festiwal Szachowy "Puchar Baltyku" - Open A"]
[Site "Darlowko"]
[Date "1899-12-30"]
[Round "6.11"]
[White "Stachanczyk, Jacek"]
[Black "Szymczak, Zbigniew"]
[Result "1/2-1/2"]
[WhiteTitle "IM"]
[BlackTitle "IM"]
[WhiteElo "2224"]
[BlackElo "2154"]

1. e4 c5 2. Nf3 e6 3. d4 cxd4 4. Nxd4 a6 5. Nc3 b5 6. Bd3 Qb6 7. Nb3 Qc7 8. O-O
Nf6 9. Qe2 d6 10. Bd2 Bb7 11. a4 b4 12. Na2 d5 13. e5 Ne4 14. Bxb4 Bxb4 15. Nxb4
O-O 16. Kh1 a5 17. Na2 Nd7 18. f3 Nec5 19. Nxc5 Qxc5 20. f4 Bc6 21. Nc3 Rab8 22.
Nb5 Nb6 23. b3 d4 24. f5 exf5 25. Rxf5 g6 26. Rf4 Nd5 1/2-1/2

[Event "I Miedzynarodowy Festiwal Szachowy "Puchar Baltyku" - Open A"]
[Site "Darlowko"]
[Date "1899-12-30"]
[Round "6.12"]
[White "Krainski, Slawomir"]
[Black "Sabuk, Piotr"]
[Result "0-1"]
[WhiteTitle "k"]
[BlackTitle "IM"]
[WhiteElo "2113"]
[BlackElo "2368"]

1. e4 e5 2. Nf3 Nc6 3. d4 exd4 4. Bc4 Bc5 5. c3 Nf6 6. cxd4 Bb4+ 7. Bd2 Bxd2+ 8.
Nbxd2 d5 9. exd5 Nxd5 10. Qb3 Na5 11. Qa4+ Nc6 12. Qb3 Nce7 13. O-O O-O 14. Rac1
Nb6 15. Ne4 Nxc4 16. Qxc4 c6 17. Rfe1 Nd5 18. Nc5 Rb8 19. Ne5 Bf5 20. Qa4 a6 21.
Qd1 Re8 22. Qf3 Qg5 23. g3 Qf6 24. Nxb7 Rxb7 25. Ng4 Qd8 26. Qxf5 f6 27. Re6 Qd7
28. Rcxc6 Ne7 29. Qh5 Rb5 30. Rc5 Rf8 31. Rxb5 Qxe6 32. Rb3 Qe1+ 33. Kg2 Qe4+
34. Kg1 Qe1+ 35. Kg2 Qe4+ 36. Kg1 Nf5 37. Ne3 Nxd4 38. Rc3 g6 39. Rc4 gxh5 0-1

[Event "I Miedzynarodowy Festiwal Szachowy "Puchar Baltyku" - Open A"]
[Site "Darlowko"]
[Date "1899-12-30"]
[Round "6.13"]
[White "Luba, Lukasz"]
[Black "Krainski, Aleksander"]
[Result "0-1"]
[WhiteTitle "I"]
[BlackTitle "FM"]
[WhiteElo "2101"]
[BlackElo "2172"]

1. e4 c6 2. d4 d5 3. e5 Bf5 4. Bd3 Bxd3 5. Qxd3 e6 6. f4 Qa5+ 7. c3 Qa6 8. Qc2
Ne7 9. b4 h5 10. Nd2 Nf5 11. Kf2 b6 12. a4 c5 13. Ba3 Nd7 14. b5 Qc8 15. Qb2 Be7
16. Ngf3 O-O 17. Rhg1 f6 18. g4 hxg4 19. Rxg4 fxe5 20. dxe5 Nh6 21. Rg6 Rxf4 22.
Rag1 Nf5 23. Ke2 Nf8 24. R6g2 Qe8 25. Qb1 Nh7 26. Rg6 Qf7 27. Bc1 Rf8 28. c4 dxc4
29. Bb2 Ng5 30. R6xg5 Bxg5 31. Rxg5 Rxf3 32. Ne4 Re3+ 33. Kf2 Rxe4 0-1